000
00305nam a22001337a 4500
008
180205b xxu||||| |||| 00| 0 eng d
020
_a
9780536196880
041
_a
eng
080
_a
004
100
_a
32
101
_a
shk
245
_a
the prentice hall custom program
_c
james.p
942
_2
udc
_c
BK
999
_c
41716
_d
41716